000 01032nam2a22002411 4500
001 RU\NLR\INFOCOMM4\1000595706
005 20250617141018.0
035 _a(NLR Aleph) 002653495
090 _a3892131
_c3892131
100 _a20040723d1989 |||y0rusy50 ca
101 0 _arus
102 _aRU
105 _ay |||||||||
200 1 _aОчистка отходящих газов
210 _d1989
_aБ. м.
461 0 _1001RU\NLR\INFOCOMM4\1000595696
_12001#$aОхрана окружающей среды и рациональное использование природных ресурсов$eАналит. обзор$fВНТИЦентр$vВып.10
_93892046
_cМ.
_d1986-
_fВНТИЦентр
_oАналит. обзор
_tОхрана окружающей среды и рациональное использование природных ресурсов
_vВып.10
801 1 _aRU
_bInfoComm
_c20040723
801 0 _aRU
_bNLR
_gPSBO
852 _aNLR
_jП10/6806
942 _cISSUE
980 _aNB
980 _aRUSPER